| 000 | 00735cam a22002533a 4500 | ||
|---|---|---|---|
| 001 | 31204 | ||
| 003 | PGUSA | ||
| 005 | 20140828083656.0 | ||
| 008 | 100207s2010||||xxu|||||s|||||000 1 eng d | ||
| 040 |
_aPGUSA _beng |
||
| 042 | _adc | ||
| 050 | 4 | _aPZ | |
| 100 | 1 |
_aBassewitz, Gerdt von, _d1878-1923 |
|
| 245 | 1 | 0 |
_aPeterchens Mondfahrt : _bEin Märchenspiel _h[electronic resource] / _cGerdt von Bassewitz |
| 260 |
_bProject Gutenberg, _c2010 |
||
| 506 | _aPublic domain in the USA. | ||
| 516 | _aElectronic text | ||
| 653 | _aMoon -- Juvenile fiction | ||
| 653 | _aBeetles -- Juvenile fiction | ||
| 653 | _aFairy tales | ||
| 830 | 0 |
_aProject Gutenberg _v31204 |
|
| 856 | 4 | 0 | _uhttp://www.gutenberg.org/ebooks/31204 |
| 942 | _cEB | ||
| 999 |
_c260459 _d260459 |
||